[Event "Королевский Гамбит. Южный Федеральный округ."]
[Date "2025-11-21"]
[Round "4.9"]
[Board "9"]
[White "Литвинов Егор"]
[WhiteElo "1011"]
[Black "Квачёв Егор"]
[BlackElo "1000"]
[WebSite "https://www.chessopen.ru"]
[GameId "4f8328f5-877f-4db4-97bc-d67fdf365fdd"]
[Result "0-1"]

1. e4 { [%clk 0:09:57] } e5 { [%clk 0:10:01] } 2. Nf3 { [%clk 0:09:58] } Nc6 {
[%clk 0:10:02] } 3. Bb5 { [%clk 0:09:58] } a6 { [%clk 0:10:02] } 4. Ba4 { [%clk
0:09:59] } b5 { [%clk 0:10:01] } 5. Bb3 { [%clk 0:10:01] } Nf6 { [%clk 0:10:01]
} 6. O-O { [%clk 0:09:46] } d6 { [%clk 0:09:56] } 7. d3 { [%clk 0:09:41] } Be7
{ [%clk 0:09:48] } 8. h3 { [%clk 0:09:41] } O-O { [%clk 0:09:49] } 9. c3 {
[%clk 0:09:42] } Bd7 { [%clk 0:09:42] } 10. Re1 { [%clk 0:09:38] } Rc8 { [%clk
0:09:44] } 11. a4 { [%clk 0:09:38] } Re8 { [%clk 0:09:25] } 12. axb5 { [%clk
0:09:39] } axb5 { [%clk 0:09:26] } 13. Nbd2 { [%clk 0:09:40] } b4 { [%clk
0:09:28] } 14. Nf1 { [%clk 0:09:41] } bxc3 { [%clk 0:09:24] } 15. bxc3 { [%clk
0:09:44] } Ra8 { [%clk 0:09:17] } 16. Bg5 { [%clk 0:09:27] } h6 { [%clk
0:09:04] } 17. Be3 { [%clk 0:09:16] } Na5 { [%clk 0:08:46] } 18. Bc2 { [%clk
0:08:53] } c5 { [%clk 0:08:37] } 19. Ng3 { [%clk 0:08:47] } c4 { [%clk 0:08:29]
} 20. Qd2 { [%clk 0:08:46] } Ra6 { [%clk 0:08:07] } 21. dxc4 { [%clk 0:08:40] }
Nxc4 { [%clk 0:07:53] } 22. Qd3 { [%clk 0:08:38] } Rxa1 { [%clk 0:07:34] } 23.
Rxa1 { [%clk 0:08:41] } Nb2 { [%clk 0:07:09] } 24. Qe2 { [%clk 0:08:08] } d5 {
[%clk 0:06:30] } 25. Rb1 { [%clk 0:08:03] } Nc4 { [%clk 0:06:14] } 26. exd5 {
[%clk 0:08:00] } Qc8 { [%clk 0:05:46] } 27. Bd3 { [%clk 0:07:26] } Nxd5 { [%clk
0:05:40] } 28. Bxc4 { [%clk 0:07:17] } Nxc3 { [%clk 0:05:42] } 29. Bxf7+ {
[%clk 0:06:47] } Kxf7 { [%clk 0:05:32] } 30. Nxe5+ { [%clk 0:06:47] } Ke6 {
[%clk 0:05:23] } 31. Rb6+ { [%clk 0:06:32] } Kxe5 { [%clk 0:05:07] } 32. Qh5+ {
[%clk 0:05:40] } g5 { [%clk 0:04:50] } 33. f4+ { [%clk 0:05:39] } Kd5 { [%clk
0:04:28] } 34. fxg5 { [%clk 0:04:01] } Bxg5 { [%clk 0:04:05] } 35. Qf7+ { [%clk
0:03:16] } Be6 { [%clk 0:03:33] } 36. Qf3+ { [%clk 0:03:14] } Ke5 { [%clk
0:03:08] } 37. h4 { [%clk 0:00:59] } Rf8 { [%clk 0:02:29] } 38. Qh5 { [%clk
0:00:15] } Qd8 { [%clk 0:01:55] } 39. Rxe6+ { [%clk 0:00:05] } Kxe6 { [%clk
0:01:55] } 40. hxg5 { [%clk 0:00:03] } hxg5 { [%clk 0:01:43] } 41. Qg6+ { [%clk
0:00:03] } Ke7 { [%clk 0:01:41] } 0-1

[Event "Королевский Гамбит. Южный Федеральный округ."]
[Date "2025-11-21"]
[Round "4.9"]
[Board "9"]
[White "Макушкин Алексей"]
[WhiteElo "1000"]
[Black "Никишин Глеб"]
[BlackElo "1030"]
[WebSite "https://www.chessopen.ru"]
[GameId "974744a7-74f8-471d-bd8c-2907beaf5341"]
[Result "0-1"]

1. f4 { [%clk 0:09:59] } d5 { [%clk 0:10:00] } 2. c3 { [%clk 0:09:53] } c5 {
[%clk 0:09:55] } 3. Na3 { [%clk 0:09:50] } Nc6 { [%clk 0:09:52] } 4. h4 { [%clk
0:09:32] } Nf6 { [%clk 0:09:43] } 5. d3 { [%clk 0:09:28] } Bf5 { [%clk 0:09:28]
} 6. g3 { [%clk 0:09:27] } h5 { [%clk 0:09:28] } 7. Nb5 { [%clk 0:09:11] } Qb6
{ [%clk 0:09:25] } 8. Nxa7 { [%clk 0:08:58] } Rxa7 { [%clk 0:09:24] } 9. Rh2 {
[%clk 0:08:35] } Ng4 { [%clk 0:09:24] } 10. Rh1 { [%clk 0:08:15] } c4 { [%clk
0:09:13] } 11. Bd2 { [%clk 0:07:54] } Qf2# { [%clk 0:09:13] } 0-1

[Event "Королевский Гамбит. Южный Федеральный округ."]
[Date "2025-11-21"]
[Round "4.9"]
[Board "9"]
[White "Марк Белянин"]
[WhiteElo "1009"]
[Black "Березин Михаил"]
[BlackElo "1000"]
[WebSite "https://www.chessopen.ru"]
[GameId "b858a155-f24c-470f-934e-4933b15c5563"]
[Result "1-0"]

1. e4 { [%clk 0:10:01] } e5 { [%clk 0:09:57] } 2. Nf3 { [%clk 0:10:03] } Nc6 {
[%clk 0:09:57] } 3. Bc4 { [%clk 0:10:04] } h6 { [%clk 0:09:56] } 4. Nc3 { [%clk
0:09:59] } Nf6 { [%clk 0:09:57] } 5. d3 { [%clk 0:10:00] } Bb4 { [%clk 0:09:46]
} 6. Bd2 { [%clk 0:09:59] } O-O { [%clk 0:09:42] } 7. a3 { [%clk 0:10:01] }
Bxc3 { [%clk 0:09:44] } 8. Bxc3 { [%clk 0:10:03] } d5 { [%clk 0:09:26] } 9.
exd5 { [%clk 0:10:03] } Nxd5 { [%clk 0:09:25] } 10. Bxd5 { [%clk 0:10:02] }
Qxd5 { [%clk 0:09:25] } 11. O-O { [%clk 0:10:01] } Bg4 { [%clk 0:09:10] } 12.
h3 { [%clk 0:09:43] } Bxf3 { [%clk 0:09:11] } 13. Qxf3 { [%clk 0:09:43] } Qxf3
{ [%clk 0:09:10] } 14. gxf3 { [%clk 0:09:46] } Rfe8 { [%clk 0:09:03] } 15. Kh2
{ [%clk 0:09:46] } Rad8 { [%clk 0:09:03] } 16. Rg1 { [%clk 0:09:47] } g6 {
[%clk 0:09:04] } 17. Bd2 { [%clk 0:09:45] } h5 { [%clk 0:09:02] } 18. Rg5 {
[%clk 0:09:44] } Kg7 { [%clk 0:08:58] } 19. Rag1 { [%clk 0:09:42] } Rd5 { [%clk
0:08:25] } 20. Rxh5 { [%clk 0:09:37] } Rh8 { [%clk 0:08:11] } 21. Rxh8 { [%clk
0:09:36] } Kxh8 { [%clk 0:08:13] } 22. Bc3 { [%clk 0:09:36] } Kg7 { [%clk
0:08:03] } 23. f4 { [%clk 0:09:35] } Kf6 { [%clk 0:07:49] } 24. fxe5+ { [%clk
0:09:31] } Nxe5 { [%clk 0:07:48] } 25. f4 { [%clk 0:09:32] } Ke6 { [%clk
0:07:18] } 26. Re1 { [%clk 0:09:28] } Kd6 { [%clk 0:07:15] } 27. Rxe5 { [%clk
0:09:16] } Rxe5 { [%clk 0:07:08] } 28. Bxe5+ { [%clk 0:09:19] } Kc6 { [%clk
0:07:03] } 29. Kg3 { [%clk 0:09:20] } b5 { [%clk 0:06:46] } 30. h4 { [%clk
0:09:20] } Kd7 { [%clk 0:06:46] } 31. f5 { [%clk 0:09:15] } c5 { [%clk 0:06:36]
} 32. fxg6 { [%clk 0:09:13] } fxg6 { [%clk 0:06:38] } 33. Kg4 { [%clk 0:09:15]
} Ke6 { [%clk 0:06:39] } 34. Bb8 { [%clk 0:09:15] } a5 { [%clk 0:06:27] } 35.
Kg5 { [%clk 0:09:16] } Kf7 { [%clk 0:06:29] } 36. c4 { [%clk 0:09:07] } bxc4 {
[%clk 0:06:12] } 37. dxc4 { [%clk 0:09:06] } a4 { [%clk 0:06:00] } 38. Ba7 {
[%clk 0:09:02] } Kg7 { [%clk 0:05:27] } 39. Bxc5 { [%clk 0:09:02] } Kf7 { [%clk
0:05:27] } 40. Bd4 { [%clk 0:09:03] } Ke6 { [%clk 0:05:24] } 41. Kxg6 { [%clk
0:09:04] } Kd6 { [%clk 0:05:24] } 42. h5 { [%clk 0:09:06] } Kc6 { [%clk
0:05:25] } 43. h6 { [%clk 0:09:09] } Kd6 { [%clk 0:05:24] } 44. h7 { [%clk
0:09:11] } Ke6 { [%clk 0:05:25] } 45. h8=Q { [%clk 0:09:10] } Kd6 { [%clk
0:05:22] } 46. Qe5+ { [%clk 0:09:11] } Kd7 { [%clk 0:05:19] } 47. Kf7 { [%clk
0:09:12] } Kc6 { [%clk 0:05:19] } 48. Qd5+ { [%clk 0:09:09] } Kc7 { [%clk
0:05:20] } 49. Be5+ { [%clk 0:09:10] } Kb6 { [%clk 0:05:10] } 50. Qb5+ { [%clk
0:09:10] } Ka7 { [%clk 0:05:11] } 51. Qb8+ { [%clk 0:09:08] } Ka6 { [%clk
0:05:11] } 52. Bd4 { [%clk 0:09:03] } Ka5 { [%clk 0:05:10] } 53. Qb6# { [%clk
0:09:03] } 1-0

[Event "Королевский Гамбит. Южный Федеральный округ."]
[Date "2025-11-21"]
[Round "4.10"]
[Board "10"]
[White "валерия усольцева"]
[WhiteElo "1009"]
[Black "Имранов Махир"]
[BlackElo "980"]
[WebSite "https://www.chessopen.ru"]
[GameId "3e892770-5e5f-4e73-be91-235c0e6961ba"]
[Result "0-1"]

1. e4 { [%clk 0:09:54] } e5 { [%clk 0:09:59] } 2. Nf3 { [%clk 0:09:49] } Nc6 {
[%clk 0:09:58] } 3. Nc3 { [%clk 0:09:42] } a6 { [%clk 0:09:57] } 4. Bc4 { [%clk
0:09:39] } Qe7 { [%clk 0:09:47] } 5. Nd5 { [%clk 0:09:36] } Qd8 { [%clk
0:09:29] } 6. O-O { [%clk 0:09:30] } Nf6 { [%clk 0:09:21] } 7. Nc3 { [%clk
0:09:17] } Be7 { [%clk 0:08:51] } 8. Ng5 { [%clk 0:09:11] } O-O { [%clk
0:08:05] } 9. Nxf7 { [%clk 0:09:08] } Rxf7 { [%clk 0:08:00] } 10. Qf3 { [%clk
0:08:41] } b5 { [%clk 0:07:49] } 11. Bxf7+ { [%clk 0:08:34] } Kxf7 { [%clk
0:07:48] } 12. Nd5 { [%clk 0:08:17] } Ke6 { [%clk 0:07:27] } 13. Nxf6 { [%clk
0:08:07] } Bxf6 { [%clk 0:07:24] } 14. Qb3+ { [%clk 0:08:06] } Ke7 { [%clk
0:07:13] } 15. d3 { [%clk 0:08:00] } Nd4 { [%clk 0:07:04] } 16. Qd5 { [%clk
0:07:42] } d6 { [%clk 0:06:24] } 17. Qxa8 { [%clk 0:07:41] } Nxc2 { [%clk
0:05:57] } 18. Rb1 { [%clk 0:07:30] } Nb4 { [%clk 0:05:22] } 19. f3 { [%clk
0:06:54] } Nxa2 { [%clk 0:04:54] } 20. f4 { [%clk 0:06:44] } exf4 { [%clk
0:04:29] } 21. Bxf4 { [%clk 0:06:41] } Nb4 { [%clk 0:03:45] } 22. e5 { [%clk
0:06:36] } dxe5 { [%clk 0:03:41] } 23. Be3 { [%clk 0:06:23] } Nxd3 { [%clk
0:03:28] } 24. Qe4 { [%clk 0:06:15] } h6 { [%clk 0:02:53] } 25. Qxd3 { [%clk
0:06:08] } Qxd3 { [%clk 0:02:47] } 26. Rfe1 { [%clk 0:06:00] } Bg5 { [%clk
0:02:34] } 27. Bc5+ { [%clk 0:05:50] } Ke6 { [%clk 0:02:22] } 28. Rbd1 { [%clk
0:05:44] } Qc4 { [%clk 0:02:07] } 29. Bf2 { [%clk 0:05:33] } e4 { [%clk
0:01:50] } 30. Rb1 { [%clk 0:05:24] } h5 { [%clk 0:01:46] } 31. b3 { [%clk
0:05:25] } Qd3 { [%clk 0:01:38] } 32. Rbd1 { [%clk 0:05:10] } Bd2 { [%clk
0:01:36] } 33. b4 { [%clk 0:05:01] } Bxe1 { [%clk 0:01:36] } 34. Rxe1 { [%clk
0:04:56] } e3 { [%clk 0:01:27] } 35. Rxe3+ { [%clk 0:04:53] } Qxe3 { [%clk
0:01:07] } 36. Bxe3 { [%clk 0:04:53] } Kd5 { [%clk 0:01:06] } 37. g3 { [%clk
0:04:47] } Bf5 { [%clk 0:01:02] } 38. Bd2 { [%clk 0:04:38] } c6 { [%clk
0:00:57] } 39. g4 { [%clk 0:04:34] } hxg4 { [%clk 0:00:57] } 40. Kg2 { [%clk
0:04:31] } c5 { [%clk 0:00:58] } 41. bxc5 { [%clk 0:04:13] } Kxc5 { [%clk
0:00:58] } 42. Be3+ { [%clk 0:04:12] } Kc4 { [%clk 0:00:54] } 43. Kf1 { [%clk
0:04:05] } b4 { [%clk 0:00:55] } 44. Bd2 { [%clk 0:03:46] } b3 { [%clk 0:00:45]
} 45. Bc1 { [%clk 0:03:31] } Kc3 { [%clk 0:00:44] } 46. Kf2 { [%clk 0:03:27] }
Kc2 { [%clk 0:00:43] } 47. Ba3 { [%clk 0:03:14] } b2 { [%clk 0:00:39] } 48.
Bxb2 { [%clk 0:03:10] } Kxb2 { [%clk 0:00:38] } 49. Ke1 { [%clk 0:03:13] } a5 {
[%clk 0:00:39] } 50. Kd2 { [%clk 0:03:09] } a4 { [%clk 0:00:42] } 51. Ke3 {
[%clk 0:03:04] } a3 { [%clk 0:00:44] } 52. Kf4 { [%clk 0:03:02] } a2 { [%clk
0:00:47] } 53. Kxf5 { [%clk 0:03:00] } a1=Q { [%clk 0:00:45] } 54. Kxg4 { [%clk
0:02:59] } Qh1 { [%clk 0:00:45] } 55. Kg3 { [%clk 0:02:58] } Kc2 { [%clk
0:00:45] } 56. h4 { [%clk 0:02:54] } Kd2 { [%clk 0:00:48] } 57. Kg4 { [%clk
0:02:55] } Ke3 { [%clk 0:00:48] } 58. Kg5 { [%clk 0:02:55] } Ke4 { [%clk
0:00:44] } 59. h5 { [%clk 0:02:58] } Ke5 { [%clk 0:00:43] } 60. Kg6 { [%clk
0:03:00] } Qg1+ { [%clk 0:00:41] } 61. Kh7 { [%clk 0:02:55] } Kf6 { [%clk
0:00:38] } 62. Kg8 { [%clk 0:02:51] } Qh1 { [%clk 0:00:35] } 63. h6 { [%clk
0:02:47] } gxh6 { [%clk 0:00:34] } 64. Kf8 { [%clk 0:02:48] } Qa8# { [%clk
0:00:32] } 0-1

[Event "Королевский Гамбит. Южный Федеральный округ."]
[Date "2025-11-21"]
[Round "4.10"]
[Board "10"]
[White "Журавель Егор"]
[WhiteElo "991"]
[Black "Chekashov Egor"]
[BlackElo "1009"]
[WebSite "https://www.chessopen.ru"]
[GameId "3fb3b4aa-28bf-425d-bd34-f3423d7a3a65"]
[Result "1-0"]

1. e4 { [%clk 0:10:01] } c5 { [%clk 0:10:00] } 2. Nf3 { [%clk 0:10:02] } e6 {
[%clk 0:10:00] } 3. Nc3 { [%clk 0:10:03] } Nc6 { [%clk 0:10:02] } 4. Bd3 {
[%clk 0:10:00] } d6 { [%clk 0:10:02] } 5. O-O { [%clk 0:10:00] } Nf6 { [%clk
0:10:01] } 6. b3 { [%clk 0:10:01] } Qc7 { [%clk 0:10:03] } 7. Nb5 { [%clk
0:09:58] } Qd8 { [%clk 0:09:54] } 8. Re1 { [%clk 0:09:49] } Be7 { [%clk
0:09:54] } 9. e5 { [%clk 0:09:50] } dxe5 { [%clk 0:09:41] } 10. Nxe5 { [%clk
0:09:48] } Nxe5 { [%clk 0:09:42] } 11. Rxe5 { [%clk 0:09:49] } a6 { [%clk
0:09:38] } 12. Nc3 { [%clk 0:09:47] } O-O { [%clk 0:09:38] } 13. Ba3 { [%clk
0:09:48] } h6 { [%clk 0:09:39] } 14. h3 { [%clk 0:09:37] } Nd7 { [%clk 0:09:38]
} 15. Re1 { [%clk 0:09:36] } Nf6 { [%clk 0:09:39] } 16. Qf3 { [%clk 0:09:23] }
Nd5 { [%clk 0:08:32] } 17. Nxd5 { [%clk 0:09:19] } exd5 { [%clk 0:08:34] } 18.
Qe3 { [%clk 0:08:55] } Bf6 { [%clk 0:08:28] } 19. Bxc5 { [%clk 0:08:42] } Bxa1
{ [%clk 0:06:04] } 20. Bxf8 { [%clk 0:08:37] } Qxf8 { [%clk 0:06:05] } 21. Qe8
{ [%clk 0:08:33] } Bf6 { [%clk 0:05:37] } 22. Bh7+ { [%clk 0:08:29] } Kxh7 {
[%clk 0:05:09] } 23. Qxf8 { [%clk 0:08:28] } Kg6 { [%clk 0:04:53] } 24. Qb4 {
[%clk 0:08:25] } Bf5 { [%clk 0:04:41] } 25. d3 { [%clk 0:08:20] } b5 { [%clk
0:04:42] } 26. g4 { [%clk 0:08:19] } Be6 { [%clk 0:04:37] } 27. f4 { [%clk
0:08:11] } Kh7 { [%clk 0:04:11] } 28. Qd6 { [%clk 0:08:00] } Rc8 { [%clk
0:02:39] } 29. f5 { [%clk 0:07:53] } Rxc2 { [%clk 0:02:20] } 30. fxe6 { [%clk
0:07:52] } Bd4+ { [%clk 0:01:39] } 31. Kh1 { [%clk 0:07:42] } f6 { [%clk
0:01:02] } 32. Qxd5 { [%clk 0:07:33] } Be5 { [%clk 0:00:50] } 33. Rxe5 { [%clk
0:07:27] } fxe5 { [%clk 0:00:23] } 34. Qxe5 { [%clk 0:07:24] } Rc1+ { [%clk
0:00:23] } 35. Kg2 { [%clk 0:07:24] } Rc2+ { [%clk 0:00:20] } 36. Kf3 { [%clk
0:07:24] } Rc1 { [%clk 0:00:20] } 37. Ke4 { [%clk 0:07:22] } Re1+ { [%clk
0:00:21] } 38. Kd4 { [%clk 0:07:24] } Rxe5 { [%clk 0:00:23] } 39. Kxe5 { [%clk
0:07:26] } Kg6 { [%clk 0:00:25] } 40. Kd6 { [%clk 0:07:27] } Kf6 { [%clk
0:00:27] } 41. e7 { [%clk 0:07:28] } Kf7 { [%clk 0:00:28] } 42. Kd7 { [%clk
0:07:30] } Kg6 { [%clk 0:00:30] } 43. e8=Q+ { [%clk 0:07:31] } 1-0

[Event "Королевский Гамбит. Южный Федеральный округ."]
[Date "2025-11-21"]
[Round "4.10"]
[Board "10"]
[White "Морарь Дмитрий"]
[WhiteElo "1029"]
[Black "Гейкин Филипп"]
[BlackElo "989"]
[WebSite "https://www.chessopen.ru"]
[GameId "7d587ae7-828d-4c74-a8ee-a416070397a0"]
[Result "1-0"]

1. e4 { [%clk 0:09:49] } c5 { [%clk 0:09:44] } 2. Nf3 { [%clk 0:09:49] } a6 {
[%clk 0:09:33] } 3. d4 { [%clk 0:09:50] } cxd4 { [%clk 0:09:30] } 4. Nxd4 {
[%clk 0:09:47] } Nf6 { [%clk 0:09:28] } 5. Nc3 { [%clk 0:09:48] } e5 { [%clk
0:09:23] } 6. Nb3 { [%clk 0:09:47] } Bb4 { [%clk 0:09:09] } 7. Bc4 { [%clk
0:09:35] } Bxc3+ { [%clk 0:09:03] } 8. bxc3 { [%clk 0:09:35] } Qc7 { [%clk
0:08:55] } 9. Qe2 { [%clk 0:09:35] } d6 { [%clk 0:08:46] } 10. O-O { [%clk
0:09:35] } Nbd7 { [%clk 0:08:35] } 11. Ba3 { [%clk 0:09:23] } b5 { [%clk
0:08:28] } 12. Bd3 { [%clk 0:09:22] } Nb6 { [%clk 0:08:22] } 13. f4 { [%clk
0:09:20] } Nbd7 { [%clk 0:08:16] } 14. Qd2 { [%clk 0:09:08] } O-O { [%clk
0:08:12] } 15. fxe5 { [%clk 0:09:06] } Nxe5 { [%clk 0:08:07] } 16. Nd4 { [%clk
0:08:59] } Be6 { [%clk 0:08:02] } 17. Rae1 { [%clk 0:08:40] } Rac8 { [%clk
0:07:55] } 18. Re3 { [%clk 0:08:19] } Kh8 { [%clk 0:07:48] } 19. Rg3 { [%clk
0:08:08] } Rg8 { [%clk 0:07:42] } 20. Bb4 { [%clk 0:08:06] } a5 { [%clk
0:07:34] } 21. Ba3 { [%clk 0:07:56] } Qb6 { [%clk 0:07:29] } 22. Kh1 { [%clk
0:07:54] } Bd7 { [%clk 0:07:25] } 23. Nf5 { [%clk 0:07:47] } Bxf5 { [%clk
0:07:20] } 24. Rxf5 { [%clk 0:07:47] } Rce8 { [%clk 0:07:14] } 25. Rh3 { [%clk
0:07:33] } Nc4 { [%clk 0:07:08] } 26. Qf4 { [%clk 0:07:22] } Nxa3 { [%clk
0:07:03] } 27. Rxf6 { [%clk 0:07:16] } gxf6 { [%clk 0:06:57] } 28. Qxf6+ {
[%clk 0:07:16] } Rg7 { [%clk 0:06:53] } 29. Rg3 { [%clk 0:07:15] } Rg8 { [%clk
0:06:47] } 30. e5 { [%clk 0:07:10] } dxe5 { [%clk 0:06:41] } 31. Rxg7 { [%clk
0:07:05] } Rxg7 { [%clk 0:06:36] } 32. Qxb6 { [%clk 0:07:03] } Rg3 { [%clk
0:06:28] } 33. hxg3 { [%clk 0:07:01] } e4 { [%clk 0:06:14] } 34. Qf6+ { [%clk
0:06:58] } Kg8 { [%clk 0:06:07] } 35. Bxe4 { [%clk 0:06:57] } Nc4 { [%clk
0:05:43] } 36. Bd5 { [%clk 0:06:55] } Ne3 { [%clk 0:05:35] } 37. Qxf7+ { [%clk
0:06:55] } Kh8 { [%clk 0:05:34] } 38. Qg8# { [%clk 0:06:57] } 1-0

[Event "Королевский Гамбит. Южный Федеральный округ."]
[Date "2025-11-21"]
[Round "4.10"]
[Board "10"]
[White "Ярославцев Алексей"]
[WhiteElo "1010"]
[Black "Саидов Анзор"]
[BlackElo "1020"]
[WebSite "https://www.chessopen.ru"]
[GameId "2924cc56-42c3-4127-98d8-c5eec5de33be"]
[Result "0-1"]

1. e4 { [%clk 0:09:59] } e5 { [%clk 0:09:52] } 2. Nf3 { [%clk 0:09:59] } Nf6 {
[%clk 0:09:38] } 3. Nc3 { [%clk 0:09:59] } Nc6 { [%clk 0:09:32] } 4. Bc4 {
[%clk 0:09:55] } Nxe4 { [%clk 0:09:27] } 5. Nxe4 { [%clk 0:09:50] } d5 { [%clk
0:09:25] } 6. Bd3 { [%clk 0:09:41] } dxe4 { [%clk 0:09:01] } 7. Bxe4 { [%clk
0:09:44] } Nd4 { [%clk 0:08:33] } 8. Nxd4 { [%clk 0:09:21] } exd4 { [%clk
0:08:32] } 9. d3 { [%clk 0:09:06] } Bb4+ { [%clk 0:08:03] } 10. Bd2 { [%clk
0:08:52] } Bxd2+ { [%clk 0:07:27] } 11. Qxd2 { [%clk 0:08:50] } O-O { [%clk
0:07:26] } 12. O-O { [%clk 0:08:45] } Re8 { [%clk 0:07:20] } 13. f4 { [%clk
0:08:32] } Qd6 { [%clk 0:06:59] } 14. Rae1 { [%clk 0:08:20] } Bd7 { [%clk
0:06:55] } 15. Bxb7 { [%clk 0:07:49] } Rab8 { [%clk 0:06:37] } 16. Rxe8+ {
[%clk 0:07:39] } Bxe8 { [%clk 0:06:29] } 17. Be4 { [%clk 0:07:29] } Rxb2 {
[%clk 0:06:19] } 18. Qa5 { [%clk 0:07:16] } a6 { [%clk 0:06:01] } 19. Qf5 {
[%clk 0:07:05] } g6 { [%clk 0:05:51] } 20. Qc8 { [%clk 0:06:56] } Kf8 { [%clk
0:05:22] } 21. f5 { [%clk 0:06:46] } Rxa2 { [%clk 0:04:53] } 22. Re1 { [%clk
0:06:37] } Rxc2 { [%clk 0:04:10] } 23. Bf3 { [%clk 0:06:17] } Qd7 { [%clk
0:03:32] } 24. Qa8 { [%clk 0:06:07] } f6 { [%clk 0:03:10] } 25. h4 { [%clk
0:05:53] } Rc5 { [%clk 0:03:02] } 26. Qxa6 { [%clk 0:05:43] } Kg7 { [%clk
0:02:59] } 27. Qe6 { [%clk 0:05:28] } Qxe6 { [%clk 0:02:52] } 28. fxe6 { [%clk
0:05:20] } Rc3 { [%clk 0:02:54] } 29. Be4 { [%clk 0:04:30] } f5 { [%clk
0:02:36] } 30. Bd5 { [%clk 0:04:29] } Rxd3 { [%clk 0:02:29] } 31. Rc1 { [%clk
0:04:30] } Rc3 { [%clk 0:02:24] } 32. Rb1 { [%clk 0:04:27] } d3 { [%clk
0:02:19] } 33. Rb7 { [%clk 0:04:28] } d2 { [%clk 0:02:16] } 34. Bf3 { [%clk
0:04:28] } Rxf3 { [%clk 0:02:10] } 35. Rxc7+ { [%clk 0:04:27] } Kf6 { [%clk
0:02:03] } 36. gxf3 { [%clk 0:04:26] } d1=Q+ { [%clk 0:01:56] } 37. Kg2 { [%clk
0:04:29] } Qd2+ { [%clk 0:01:28] } 38. Kg3 { [%clk 0:04:27] } Qd6+ { [%clk
0:01:20] } 0-1

[Event "Королевский Гамбит. Южный Федеральный округ."]
[Date "2025-11-21"]
[Round "4.11"]
[Board "11"]
[White "Алексей Ахатов"]
[WhiteElo "972"]
[Black "Херкунов Яромир"]
[BlackElo "1039"]
[WebSite "https://www.chessopen.ru"]
[GameId "1bb2dc86-7013-416d-8211-19fd80691d4a"]
[Result "0-1"]

1. d4 { [%clk 0:09:58] } d5 { [%clk 0:10:00] } 2. Nc3 { [%clk 0:09:56] } Nf6 {
[%clk 0:10:00] } 3. Nf3 { [%clk 0:09:47] } e6 { [%clk 0:09:58] } 4. Bf4 { [%clk
0:09:37] } c6 { [%clk 0:09:56] } 5. h3 { [%clk 0:09:25] } Bd6 { [%clk 0:09:53]
} 6. Bxd6 { [%clk 0:09:13] } Qxd6 { [%clk 0:09:53] } 7. g4 { [%clk 0:09:02] }
Nbd7 { [%clk 0:09:46] } 8. g5 { [%clk 0:08:37] } Ne4 { [%clk 0:09:39] } 9. Qd3
{ [%clk 0:08:26] } Nxc3 { [%clk 0:09:28] } 10. bxc3 { [%clk 0:08:27] } Nb6 {
[%clk 0:09:17] } 11. e4 { [%clk 0:08:24] } dxe4 { [%clk 0:09:00] } 12. Qxe4 {
[%clk 0:08:23] } Nd5 { [%clk 0:08:59] } 13. c4 { [%clk 0:08:15] } Qb4+ { [%clk
0:08:58] } 14. Kd1 { [%clk 0:07:59] } Nc3+ { [%clk 0:08:55] } 15. Kc1 { [%clk
0:07:50] } Nxe4 { [%clk 0:08:56] } 16. a3 { [%clk 0:07:45] } Qa5 { [%clk
0:08:46] } 17. Kb2 { [%clk 0:07:40] } Qc3+ { [%clk 0:08:37] } 18. Ka2 { [%clk
0:07:38] } Qxc2# { [%clk 0:08:35] } 0-1

[Event "Королевский Гамбит. Южный Федеральный округ."]
[Date "2025-11-21"]
[Round "4.11"]
[Board "11"]
[White "Бланк алексей"]
[WhiteElo "1019"]
[Black "Скрылев Кирилл"]
[BlackElo "981"]
[WebSite "https://www.chessopen.ru"]
[GameId "e4509e48-fcc4-43d3-b94e-e318b109dfb5"]
[Result "1-0"]

1. d4 { [%clk 0:09:55] } d6 { [%clk 0:09:58] } 2. Nf3 { [%clk 0:09:50] } Bg4 {
[%clk 0:09:57] } 3. e4 { [%clk 0:09:36] } e6 { [%clk 0:09:51] } 4. c4 { [%clk
0:09:24] } Nf6 { [%clk 0:09:05] } 5. Nc3 { [%clk 0:09:14] } a6 { [%clk 0:08:48]
} 6. Be2 { [%clk 0:09:05] } c6 { [%clk 0:08:06] } 7. h3 { [%clk 0:09:00] } Bxf3
{ [%clk 0:08:06] } 8. Bxf3 { [%clk 0:08:40] } Be7 { [%clk 0:07:54] } 9. O-O {
[%clk 0:08:32] } e5 { [%clk 0:07:29] } 10. Be3 { [%clk 0:08:27] } O-O { [%clk
0:07:11] } 11. Qb3 { [%clk 0:08:09] } b5 { [%clk 0:07:01] } 12. d5 { [%clk
0:07:52] } cxd5 { [%clk 0:06:11] } 13. cxd5 { [%clk 0:07:04] } Nbd7 { [%clk
0:05:42] } 14. a4 { [%clk 0:06:52] } bxa4 { [%clk 0:04:23] } 15. Rxa4 { [%clk
0:06:16] } Qc8 { [%clk 0:03:51] } 16. Qa3 { [%clk 0:05:41] } Qb7 { [%clk
0:03:35] } 17. Be2 { [%clk 0:05:22] } Rfb8 { [%clk 0:03:09] } 18. b4 { [%clk
0:05:08] } Nb6 { [%clk 0:02:12] } 19. Bxa6 { [%clk 0:04:51] } Rxa6 { [%clk
0:02:08] } 20. Rxa6 { [%clk 0:04:32] } Nc4 { [%clk 0:01:55] } 21. Qa1 { [%clk
0:04:07] } Qxb4 { [%clk 0:01:51] } 22. Ra4 { [%clk 0:04:02] } Qb3 { [%clk
0:01:38] } 23. Rb1 { [%clk 0:03:56] } Qxb1+ { [%clk 0:00:14] } 24. Nxb1 { [%clk
0:03:54] } Nxe3 { [%clk 0:00:07] } 25. fxe3 { [%clk 0:03:51] } Nxe4 { [%clk
0:00:08] } 26. Rxe4 { [%clk 0:03:41] } 1-0